Online
Catalog

Paisaje y acento : (Record no. 28300)

MARC details
000 -CABECERA
campo de control de longitud fija 01483nam a2200241 a 4500
001 - NÚMERO DE CONTROL
campo de control 000028808
005 - FECHA Y HORA DE LA ÚLTIMA TRANSACCIÓN
campo de control 20240508073816.0
008 - DATOS DE LONGITUD FIJA--INFORMACIÓN GENERAL
campo de control de longitud fija 110412s2010 dr a 001 0 spa d
020 ## - NÚMERO INTERNACIONAL ESTÁNDAR DEL LIBRO
Número Internacional Estándar del Libro 9789945074093
040 ## - FUENTE DE LA CATALOGACIÓN
Centro catalogador/agencia de origen DO-SdBNP
Lengua de catalogación spa
Centro/agencia transcriptor BNPHU
082 ## - NÚMERO DE LA CLASIFICACIÓN DECIMAL DEWEY
Número de clasificación 917.293
Número de documento/Ítem F727p, 2010
100 1# - ENTRADA PRINCIPAL--NOMBRE DE PERSONA
Nombre de persona Forné Farreres, José,
Fechas asociadas al nombre 1916-1975
9 (RLIN) 55787
245 10 - MENCIÓN DE TÍTULO
Título Paisaje y acento :
Resto del título impresiones de un español en la República Dominicana /
Mención de responsabilidad, etc. José Forné Farreres.
250 ## - MENCIÓN DE EDICIÓN
Mención de edición 2ª ed.
260 ## - PUBLICACIÓN, DISTRIBUCIÓN, ETC.
Lugar de publicación, distribución, etc. Santo Domingo :
Nombre del editor, distribuidor, etc. Comisión Permanente de Efemérides Patrias,
Fecha de publicación, distribución, etc. 2010.
300 ## - DESCRIPCIÓN FÍSICA
Extensión 140 p. :
Otras características físicas il. ;
Dimensiones 22 cm.
490 1# - MENCIÓN DE SERIE
Mención de serie Archivo General de la Nación
Designación de volumen o secuencia 116
505 0# - NOTA DE CONTENIDO CON FORMATO
Nota de contenido con formato En torno a esta obra y a esta actitud /
Mención de responsabilidad Pedro Mir --
Título Unas palabras /
Mención de responsabilidad Constancio Bernaldo de Quiróz --
Título Nueva presencia de España en América --
-- Higüey, archivo de cortesía --
-- Mercados, calenturas de humanidad --
-- Las peleas de gallos, su persistencia en la Dominicana --
-- ¡Friquitín!, honduras de acento --
-- Baile de palos, fiesta pagana de luna y de campo --
-- Azúcar, tragedia y romance --
-- Gapeas y merengues --
-- Güibia, nocturnal en el trópico --
-- Voudou, una noche con los «endemoniados» --
-- Ciudad Trujillo, enseñanzas del pasado y un presente.
650 #4 - PUNTO DE ACCESO ADICIONAL DE MATERIA--TÉRMINO DE MATERIA
Término de materia o nombre geográfico como elemento de entrada Viajeros españoles
Subdivisión general Correspondencia, memorias, etc.
9 (RLIN) 37812
651 #4 - PUNTO DE ACCESO ADICIONAL DE MATERIA--NOMBRE GEOGRÁFICO
Nombre geográfico República Dominicana
Subdivisión general Vida Social Y Costumbres
9 (RLIN) 405
651 #4 - PUNTO DE ACCESO ADICIONAL DE MATERIA--NOMBRE GEOGRÁFICO
Nombre geográfico República Dominicana
Subdivisión general Descripciones Y Viajes
9 (RLIN) 1651
910 ## - DATOS DE OPCIÓN DEL USUARIO (OCLC)
Datos de opción del usuario Validado. Control de calidad EMS
Holdings
Estado de retiro Estado de pérdida Restricciones de uso No para préstamo Código de colección Localización permanente Ubicación/localización actual Ubicación en estantería Fecha de adquisición Número de inventario Total de préstamos Signatura topográfica completa Código de barras Fecha visto por última vez Número de copia Precio válido a partir de Tipo de ítem Koha
        Dominicana de Servicio General General Depósito 12.04.2011 LF1   917.293 F727p, 2010 28808-30 25.06.2020 e. 3 25.06.2020 Libro y Folleto Colección Dominicana de Servicio
        Dominicana de Servicio General General Depósito 15.04.2011 LF1   917.293 F727p, 2010 28808-40 25.06.2020 e. 4 25.06.2020 Libro y Folleto Colección Dominicana de Servicio
        Dominicana de Servicio General General Depósito 27.10.2011 LF1   917.293 F727p, 2010 28808-50 25.06.2020 e. 5 25.06.2020 Libro y Folleto Colección Dominicana de Servicio
      Excluido de préstamo Patrimonio Dominicano Patrimonio Dominicano Patrimonio Dominicano Depósito 12.04.2011 LF1   917.293 F727p, 2010 28808-10 25.06.2020   25.06.2020 Libro y Folleto Colección Patrimonio Dominicano
      Excluido de préstamo Patrimonio Dominicano Patrimonio Dominicano Patrimonio Dominicano Depósito 12.04.2011 LF1   917.293 F727p, 2010 28808-20 25.06.2020 e. 2 25.06.2020 Libro y Folleto Colección Patrimonio Dominicano

Powered by Koha